[Event "HUN-chT2 Toth 1819"]
[Site "Hungary"]
[Date "2019.03.31"]
[Round "10.4"]
[White "Martonosi, Adam"]
[Black "Nagy, Helga"]
[Result "1-0"]
[WhiteElo "1897"]
[BlackElo "2081"]
[PlyCount "91"]
[EventDate "2018.09.23"]
[EventType "team-tourn"]
[EventRounds "11"]
[EventCountry "HUN"]
[SourceTitle "EXT 2021"]
[Source "ChessBase"]
[SourceDate "2020.10.23"]
[SourceVersion "1"]
[SourceVersionDate "2020.10.23"]
[SourceQuality "1"]
[WhiteTeam "Mako Duocor II"]
[BlackTeam "Szentes Integral"]
[WhiteTeamCountry "HUN"]
[BlackTeamCountry "HUN"]

1. c4 e5 2. Nc3 Nf6 3. Nf3 e4 4. Ng5 b5 5. d3 exd3 6. cxb5 h6 7. Nf3 dxe2 8. Qxe2+ Be7 9. Qc2 0-0 10. Bd3 Bb7 11. Ne4 Nd5 12. a3 a6 13. 0-0 axb5 14. Bxb5 Nb4 15. Qb1 c6 16. Be2 N4a6 17. Bf4 d5 18. Rd1 Re8 19. Ng3 Bf6 20. Ra2 Nc5 21. b3 Nba6 22. Qc2 Qc8 23. Nh5 Qe6 24. Nxf6+ Qxf6 25. Be3 Ne4 26. Bd4 Qd6 27. Qb2 f6 28. b4 Nc7 29. a4 Ne6 30. Be3 Reb8 31. b5 cxb5 32. axb5 Rxa2 33. Qxa2 Nc3 34. Qd2 Nxd1 35. Bxd1 Kh8 36. Nh4 Ra8 37. f3 Nf8 38. Nf5 Qd7 39. Bc2 Ra1+ 40. Kf2 Qxb5 41. Bd4 Ra2 42. Bxf6 Rxc2 43. Bxg7+ Kg8 44. Qxc2 Ne6 45. Bxh6 d4 46. Nxd4 1-0

[Event "HUN-chT2 Toth 1819"]
[Site "Hungary"]
[Date "2018.11.18"]
[Round "4.4"]
[White "Nagy, Helga"]
[Black "Kemeny, Csaba"]
[Result "1/2-1/2"]
[WhiteElo "2081"]
[BlackElo "2052"]
[PlyCount "121"]
[EventDate "2018.09.23"]
[EventType "team-tourn"]
[EventRounds "11"]
[EventCountry "HUN"]
[SourceTitle "EXT 2021"]
[Source "ChessBase"]
[SourceDate "2020.10.23"]
[SourceVersion "1"]
[SourceVersionDate "2020.10.23"]
[SourceQuality "1"]
[WhiteTeam "Szentes Integral"]
[BlackTeam "Felegyhaza Csongrad"]
[WhiteTeamCountry "HUN"]
[BlackTeamCountry "HUN"]

1. e4 c5 2. Nf3 Nc6 3. Bb5 g6 4. 0-0 Bg7 5. Bxc6 dxc6 6. h3 Nf6 7. Re1 0-0 8. d3 Qc7 9. Nc3 b6 10. Bd2 e5 11. Qc1 Re8 12. Bh6 Bh8 13. g4 Be6 14. Nh2 c4 15. dxc4 Bxc4 16. f3 Rad8 17. Kg2 Bg7 18. h4 Rd6 19. b3 Ba6 20. Bg5 Red8 21. Nf1 Bxf1+ 22. Rxf1 Qd7 23. Kg3 Rf8 24. Qa3 Rd8 25. Rad1 Qc7 26. Rde1 Bf8 27. Qb2 h6 28. Be3 Qd7 29. Nd1 Qe6 30. Nf2 h5 31. Bg5 R8d7 32. Bxf6 Qxf6 33. Nd3 Bg7 34. Qc1 Rd4 35. Re2 hxg4 36. Kxg4 Kh7 37. Qg5 Qe6+ 38. Kg3 Bh6 39. Qg4 Qe7 40. a4 f5 41. Qh3 fxe4 42. fxe4 c5 43. Kg2 Qe8 44. Qg4 Bg7 45. Rf3 c4 46. Nf2 cxb3 47. cxb3 Rd2 48. Rxd2 Rxd2 49. Rd3 Rxd3 50. Nxd3 Qc6 51. Qf3 Qe6 52. Nf2 Bh6 53. Nh3 Kg7 54. Kg3 Qf7 55. Qxf7+ Kxf7 56. Kf3 Ke6 57. Nf2 Bd2 58. Ke2 Bf4 59. Kf3 a5 60. Nd3 Bh6 61. Kg4 1/2-1/2

[Event "Balatonlelle op-B"]
[Site "Balatonlelle "]
[Date "2005.06.26"]
[Round "9"]
[White "Nagy, Helga"]
[Black "Bauer, Peter1111"]
[Result "1-0"]
[WhiteElo "2086"]
[BlackElo "2022"]
[PlyCount "65"]
[EventDate "2005.06.18"]
[EventType "swiss"]
[EventRounds "9"]
[EventCountry "HUN"]
[SourceTitle "EXT 2008"]
[Source "ChessBase"]
[SourceDate "2007.11.25"]
[SourceVersion "1"]
[SourceVersionDate "2007.11.25"]
[SourceQuality "1"]

1. e4 e5 2. Nf3 Nc6 3. Bc4 Bc5 4. b4 Bxb4 5. c3 Ba5 6. d4 exd4 7. Qb3 Qf6 8. 0-0 Nge7 9. cxd4 0-0 10. e5 Qg6 11. d5 Nb4 12. Ne1 d6 13. Bd2 b5 14. Be2 c5 15. a3 c4 16. Qb2 Nbxd5 17. Bxa5 Nc6 18. Qxb5 Nxa5 19. Qxa5 Nb6 20. Bf3 d5 21. Nc3 Qf5 22. Nxd5 Qxe5 23. Qc3 Qxc3 24. Nxc3 Rb8 25. Nc2 Bf5 26. Be4 Be6 27. Nd4 Bd7 28. Rfd1 f5 29. Bc6 Bc8 30. Nd5 Kf7 31. Nxb6 Rxb6 32. Bd5+ Kf6 33. Bxc4 1-0

[Event "Balatonlelle op-B"]
[Site "Balatonlelle "]
[Date "2005.06.22"]
[Round "5"]
[White "Nagy, Helga"]
[Black "Rezsek, Gyozo"]
[Result "1/2-1/2"]
[WhiteElo "2086"]
[BlackElo "2137"]
[PlyCount "78"]
[EventDate "2005.06.18"]
[EventType "swiss"]
[EventRounds "9"]
[EventCountry "HUN"]
[SourceTitle "EXT 2008"]
[Source "ChessBase"]
[SourceDate "2007.11.25"]
[SourceVersion "1"]
[SourceVersionDate "2007.11.25"]
[SourceQuality "1"]

1. e4 c5 2. Nc3 Nc6 3. g3 g6 4. Bg2 Bg7 5. d3 d6 6. f4 e6 7. Nf3 Nge7 8. 0-0 0-0 9. a3 f5 10. Rb1 d5 11. e5 d4 12. Nb5 Bd7 13. Nd6 Rb8 14. c4 a5 15. Bd2 Nc8 16. Nxc8 Qxc8 17. b4 axb4 18. axb4 cxb4 19. Bxb4 Nxb4 20. Rxb4 Rd8 21. Qd2 Bf8 22. Rb2 Bc5 23. Rfb1 Bc6 24. Ne1 b6 25. Nc2 Qb7 26. Nb4 Bxg2 27. Qxg2 Qxg2+ 28. Kxg2 Ra8 29. Nc2 Ra4 30. Kf3 Rda8 31. h3 Ra2 32. Ke2 Kf7 33. Kd1 h6 34. h4 Rxb2 35. Rxb2 g5 36. hxg5 hxg5 37. Ne1 Ra1+ 38. Ke2 gxf4 39. gxf4 Kg6 1/2-1/2

[Event "Balatonlelle op-B"]
[Site "Balatonlelle "]
[Date "2005.06.19"]
[Round "2"]
[White "Mittermayr, Gerhard"]
[Black "Nagy, Helga"]
[Result "1/2-1/2"]
[WhiteElo "2168"]
[BlackElo "2086"]
[PlyCount "96"]
[EventDate "2005.06.18"]
[EventType "swiss"]
[EventRounds "9"]
[EventCountry "HUN"]
[SourceTitle "EXT 2008"]
[Source "ChessBase"]
[SourceDate "2007.11.25"]
[SourceVersion "1"]
[SourceVersionDate "2007.11.25"]
[SourceQuality "1"]

1. e4 e5 2. Nf3 Nf6 3. Nxe5 d6 4. Nf3 Nxe4 5. d4 d5 6. Bd3 Be7 7. 0-0 Nc6 8. c4 Nf6 9. Nc3 0-0 10. h3 Nb4 11. Be2 Bf5 12. a3 Nc6 13. Ne5 Na5 14. cxd5 Nxd5 15. Nxd5 Qxd5 16. Bf3 Be4 17. Bxe4 Qxe4 18. Re1 Qd5 19. b4 Nb3 20. Rb1 Nxc1 21. Rxc1 Bd6 22. Qg4 Rad8 23. Re3 g6 24. Qh4 Bxe5 25. dxe5 c6 26. Rce1 Qe6 27. Rf3 Kg7 28. Rf6 Qb3 29. e6 Rd1 30. Rxd1 Qxd1+ 31. Kh2 Qd6+ 32. Kg1 fxe6 33. Rxf8 Qxf8 34. Qd4+ Qf6 35. Qxa7 Qe7 36. Qb6 Qd7 37. g3 Kf6 38. Kh2 Kf7 39. a4 Kf6 40. h4 Kf7 41. Qa7 Ke7 42. a5 e5 43. Qb6 Kf7 44. Qc5 Ke6 45. Qa7 Qd4 46. Qxb7 Qxf2+ 47. Kh1 Qf1+ 48. Kh2 Qf2+ 1/2-1/2

[Event "HUN-chT2 Toth 0405"]
[Site "Hungary"]
[Date "2004.11.21"]
[Round "3"]
[White "Toth, Ervin"]
[Black "Nagy, Helga"]
[Result "1-0"]
[WhiteElo "2187"]
[BlackElo "2098"]
[PlyCount "93"]
[EventDate "2004.09.26"]
[EventType "team"]
[EventRounds "11"]
[EventCountry "HUN"]
[SourceTitle "EXT 2009"]
[Source "ChessBase"]
[SourceDate "2008.11.26"]
[SourceVersion "1"]
[SourceVersionDate "2008.11.26"]
[SourceQuality "1"]
[WhiteTeam "Koszolg"]
[BlackTeam "Szentes"]
[WhiteTeamCountry "HUN"]
[BlackTeamCountry "HUN"]

1. e4 e5 2. Nf3 Nf6 3. Nc3 Bb4 4. Bc4 d6 5. d3 h6 6. h3 0-0 7. Be3 Bxc3+ 8. bxc3 c6 9. Bb3 Be6 10. 0-0 a5 11. Bxe6 fxe6 12. c4 Nbd7 13. Rb1 b6 14. Re1 Rb8 15. c3 Qe7 16. Qc2 Nh5 17. Qa4 c5 18. d4 Nf4 19. Bxf4 exf4 20. e5 Rfc8 21. d5 exd5 22. e6 Nf6 23. cxd5 Nxd5 24. Qc4 Nc7 25. Qxf4 Rf8 26. Qg3 Rf6 27. Rbd1 Rd8 28. Qh4 Nxe6 29. Re3 Qf7 30. Rde1 Rd7 31. Qa4 Nc7 32. Qc6 Kh7 33. a4 d5 34. Qb7 Ne8 35. Qa6 Nc7 36. Qd3+ Kg8 37. Ne5 Qe7 38. Nxd7 Qxd7 39. Re7 Qd6 40. Qg3 Qxg3 41. fxg3 Rc6 42. Rd7 Kf8 43. Rf1+ Kg8 44. h4 b5 45. h5 g5 46. axb5 Nxb5 47. Rb1 1-0

[Event "HUN-chT2 Toth 0304"]
[Site "Hungary"]
[Date "2004.04.04"]
[Round "10"]
[White "Nagy, Helga"]
[Black "Botta, Tibor"]
[Result "1/2-1/2"]
[WhiteElo "2080"]
[BlackElo "2189"]
[PlyCount "42"]
[EventDate "2003.09.28"]
[EventType "team"]
[EventRounds "11"]
[EventCountry "HUN"]
[SourceTitle "EXT 2009"]
[Source "ChessBase"]
[SourceDate "2008.11.26"]
[SourceVersion "1"]
[SourceVersionDate "2008.11.26"]
[SourceQuality "1"]
[WhiteTeam "Szentes"]
[BlackTeam "Takisz"]
[WhiteTeamCountry "HUN"]
[BlackTeamCountry "HUN"]

1. e4 e6 2. d4 d5 3. Nc3 dxe4 4. Nxe4 Nd7 5. Bd3 Ngf6 6. Ne2 Nxe4 7. Bxe4 Nf6 8. Bf3 Bd6 9. 0-0 0-0 10. Bg5 Be7 11. Re1 c6 12. c3 Nd5 13. Bxe7 Nxe7 14. Qd2 Qc7 15. Nf4 b6 16. Nd3 Bb7 17. Ne5 Rad8 18. Qe2 Ng6 19. Nxg6 hxg6 20. Rad1 Ba8 21. h3 c5 1/2-1/2

[Event "Szombathely Savaria op 3rd"]
[Site "Szombathely"]
[Date "2003.07.27"]
[Round "9"]
[White "Nagy, Helga"]
[Black "Rachela, Milan"]
[Result "0-1"]
[WhiteElo "2080"]
[BlackElo "2213"]
[PlyCount "52"]
[EventDate "2003.07.19"]
[EventType "swiss"]
[EventRounds "9"]
[EventCountry "HUN"]
[SourceTitle "CBM 095 Extra"]
[Source "ChessBase"]
[SourceDate "2003.09.04"]
[SourceVersion "1"]
[SourceVersionDate "2003.09.04"]
[SourceQuality "1"]

1. e4 c5 2. Nf3 d6 3. d4 Nf6 4. Nc3 cxd4 5. Nxd4 a6 6. Be2 e5 7. Nb3 Be7 8. 0-0 0-0 9. Be3 Be6 10. a4 Nbd7 11. f3 Nb6 12. Nd2 d5 13. exd5 Nbxd5 14. Nxd5 Nxd5 15. Bf2 Rc8 16. c3 Qc7 17. Qe1 Rfd8 18. a5 Nf4 19. Ne4 Qc6 20. Bb6 Rd7 21. Rf2 Bd5 22. Be3 Bh4 23. Ng3 f5 24. Rf1 Nxe2+ 25. Qxe2 f4 26. Ne4 Bc4 0-1

[Event "Szombathely Savaria op 3rd"]
[Site "Szombathely"]
[Date "2003.07.26"]
[Round "8"]
[White "Gruskovnjak, Tomislav"]
[Black "Nagy, Helga"]
[Result "1-0"]
[WhiteElo "2325"]
[BlackElo "2080"]
[PlyCount "77"]
[EventDate "2003.07.19"]
[EventType "swiss"]
[EventRounds "9"]
[EventCountry "HUN"]
[SourceTitle "CBM 095 Extra"]
[Source "ChessBase"]
[SourceDate "2003.09.04"]
[SourceVersion "1"]
[SourceVersionDate "2003.09.04"]
[SourceQuality "1"]

1. c4 e5 2. Nc3 Nf6 3. g3 c6 4. d4 e4 5. Bg5 Bb4 6. Qc2 d5 7. a3 Bxc3+ 8. Qxc3 0-0 9. Rc1 Nbd7 10. Nh3 Nb6 11. c5 Nbd7 12. Bg2 Re8 13. 0-0 Nf8 14. f3 exf3 15. exf3 Ne6 16. Bd2 Nh5 17. g4 Nf6 18. Nf2 Qc7 19. Nd3 h6 20. Kh1 Bd7 21. Be1 Rad8 22. Bg3 Qc8 23. Be5 Nf8 24. Qd2 N6h7 25. Qa5 Qa8 26. Qd2 Qc8 27. Nf4 Ne6 28. Nh5 f6 29. Bd6 g6 30. Ng3 Kg7 31. Rce1 Neg5 32. Be7 Nf8 33. Bxd8 Qxd8 34. Rxe8 Bxe8 35. f4 Nf7 36. f5 g5 37. Re1 b6 38. Nh5+ Kg8 39. Rxe8 1-0

[Event "Szombathely Savaria op 3rd"]
[Site "Szombathely"]
[Date "2003.07.19"]
[Round "1"]
[White "Nagy, Helga"]
[Black "Sergeev, Vladimir"]
[Result "0-1"]
[WhiteElo "2080"]
[BlackElo "2451"]
[PlyCount "100"]
[EventDate "2003.07.19"]
[EventType "swiss"]
[EventRounds "9"]
[EventCountry "HUN"]
[SourceTitle "CBM 095 Extra"]
[Source "ChessBase"]
[SourceDate "2003.09.04"]
[SourceVersion "1"]
[SourceVersionDate "2003.09.04"]
[SourceQuality "1"]

1. e4 Nf6 2. e5 Nd5 3. c4 Nb6 4. d4 d6 5. f4 g6 6. Nf3 Bg7 7. Be2 0-0 8. Be3 dxe5 9. fxe5 Bg4 10. Nbd2 e6 11. 0-0 N8d7 12. h3 Bxf3 13. Nxf3 Qe7 14. Qe1 c5 15. Qf2 cxd4 16. Bxd4 Rac8 17. b3 Nb8 18. Rfe1 N6d7 19. Bf1 Nc6 20. Bc3 Rfd8 21. Kh1 a5 22. Rad1 Nc5 23. Qb2 Rxd1 24. Rxd1 Rd8 25. Re1 Nb4 26. Qb1 Rd7 27. Bd4 Nc6 28. Bf2 h6 29. a3 Rd8 30. b4 axb4 31. axb4 Nd7 32. Qb2 Nxb4 33. Rb1 Nc6 34. Bh4 g5 35. Bg3 Nc5 36. Bh2 h5 37. g4 hxg4 38. hxg4 Rd7 39. Qc2 Nd4 40. Nxd4 Rxd4 41. Be2 Qc7 42. Qc1 Qc6+ 43. Kg1 Ne4 44. Ra1 Rd2 45. Ra8+ Bf8 46. Qa3 Qb6+ 47. Kh1 Qb1+ 48. Bg1 Ng3+ 49. Qxg3 Rxe2 50. Qf3 Qh7+ 0-1

[Event "HUN-chT2 Toth 0203"]
[Site "Hungary"]
[Date "2003.04.13"]
[Round "11"]
[White "Igaz, Ervin"]
[Black "Nagy, Helga"]
[Result "1-0"]
[WhiteElo "2135"]
[BlackElo "2098"]
[PlyCount "40"]
[EventDate "2002.09.22"]
[EventType "team"]
[EventRounds "11"]
[EventCountry "HUN"]
[SourceTitle "EXT 2009"]
[Source "ChessBase"]
[SourceDate "2008.11.26"]
[SourceVersion "1"]
[SourceVersionDate "2008.11.26"]
[SourceQuality "1"]

1. e4 e5 2. Nf3 Nf6 3. Nxe5 d6 4. Nxf7 Kxf7 5. d4 c6 6. Bd3 Be7 7. 0-0 Nbd7 8. f4 Qb6 9. Be3 Nxe4 10. Bxe4 Nf6 11. Bd3 Qxb2 12. Nd2 Qb6 13. h3 Re8 14. g4 Kg8 15. g5 Nd5 16. Qh5 Be6 17. Nc4 Qc7 18. Bxh7+ Kf8 19. Bg6 Nxe3 20. Nxe3 d5 1-0

[Event "HUN-chT2 Toth 0203"]
[Site "Hungary"]
[Date "2002.12.08"]
[Round "4"]
[White "Nagy, Helga"]
[Black "Monus, Zoltan"]
[Result "1/2-1/2"]
[WhiteElo "2098"]
[BlackElo "2152"]
[PlyCount "113"]
[EventDate "2002.09.22"]
[EventType "team"]
[EventRounds "11"]
[EventCountry "HUN"]
[SourceTitle "EXT 2009"]
[Source "ChessBase"]
[SourceDate "2008.11.26"]
[SourceVersion "1"]
[SourceVersionDate "2008.11.26"]
[SourceQuality "1"]

1. e4 e5 2. Nf3 Nf6 3. d4 Nxe4 4. Nxe5 d6 5. Nf3 d5 6. Be2 Bd6 7. Be3 0-0 8. 0-0 f5 9. c4 f4 10. Bd2 c6 11. Nc3 g5 12. cxd5 Nxc3 13. bxc3 cxd5 14. Qb3 Be6 15. c4 Nd7 16. cxd5 Bf7 17. Bc3 Nb6 18. Ba5 g4 19. Bxb6 axb6 20. Ne5 f3 21. Bc4 fxg2 22. Kxg2 Ra3 23. Qd1 Bxe5 24. dxe5 Qh4 25. Bb3 Rd8 26. e6 Bg6 27. Qd4 Qh3+ 28. Kg1 Qf3 29. Rae1 Rxb3 30. axb3 Rxd5 31. Qe3 Qf6 32. e7 Be8 33. Rd1 Re5 34. Qd4 Qxe7 35. Qxb6 Bc6 36. Qd8+ Qxd8 37. Rxd8+ Kf7 38. Rfd1 h5 39. R8d3 Kf6 40. Re3 Ra5 41. h3 Kf5 42. Rc1 Rb5 43. Kh2 Bd5 44. Rcc3 Kf4 45. Rcd3 Bf3 46. Rd4+ Kf5 47. Kg3 Rc5 48. Rf4+ Kg5 49. h4+ Kg6 50. Re6+ Kg7 51. Rxf3 gxf3 52. Kxf3 Rb5 53. Re3 Rb4 54. Kg3 Rg4+ 55. Kf3 Rb4 56. Kg3 Rg4+ 57. Kf3 1/2-1/2

[Event "HUN-chT2 Toth 0203"]
[Site "Hungary"]
[Date "2002.10.13"]
[Round "2"]
[White "Toth, Andras"]
[Black "Nagy, Helga"]
[Result "0-1"]
[WhiteElo "2401"]
[BlackElo "2098"]
[PlyCount "104"]
[EventDate "2002.09.22"]
[EventType "team"]
[EventRounds "11"]
[EventCountry "HUN"]
[SourceTitle "EXT 2009"]
[Source "ChessBase"]
[SourceDate "2008.11.26"]
[SourceVersion "1"]
[SourceVersionDate "2008.11.26"]
[SourceQuality "1"]

1. d4 Nf6 2. c4 e5 3. dxe5 Ng4 4. Nf3 Bc5 5. e3 Nc6 6. Be2 0-0 7. Nc3 a5 8. Ne4 Bb4+ 9. Bd2 Bxd2+ 10. Nexd2 Ngxe5 11. Nxe5 Nxe5 12. Nf3 Re8 13. Qd4 Nc6 14. Qc3 d6 15. Rd1 Qe7 16. 0-0 b6 17. Nd4 Ne5 18. f4 Ng4 19. Bf3 Ra6 20. e4 Qh4 21. h3 Nf6 22. Nf5 Qxf4 23. Rd5 Bxf5 24. Rxf5 Qg3 25. Qd4 Re5 26. Rxe5 Qxe5 27. Qf2 Ra8 28. Re1 Re8 29. Qc2 Qd4+ 30. Kh1 Re5 31. Rd1 Qe3 32. Qa4 h6 33. Qc6 Rc5 34. Qa8+ Kh7 35. Qf8 Nxe4 36. Bxe4+ Qxe4 37. Qxf7 Rxc4 38. Qf2 Rc2 39. Rd2 Rxd2 40. Qxd2 d5 41. Qc3 c5 42. Qb3 Qe6 43. Qd3+ Kh8 44. Qf3 d4 45. b3 Kh7 46. Qd3+ Qg6 47. Qd2 Qe4 48. Kh2 Kg6 49. Qd1 d3 50. Qd2 Kf5 51. Kh1 Qe2 52. g4+ Ke4 0-1

[Event "Erkel Memorial op"]
[Site "Gyula"]
[Date "2001.11.04"]
[Round "6"]
[White "Nagy, Helga"]
[Black "Gara, Gyorgy"]
[Result "0-1"]
[WhiteElo "2073"]
[BlackElo "2181"]
[PlyCount "60"]
[EventDate "2001.10.30"]
[EventType "swiss"]
[EventRounds "9"]
[EventCountry "HUN"]
[SourceTitle "EXT 2008"]
[Source "ChessBase"]
[SourceDate "2007.11.25"]
[SourceVersion "1"]
[SourceVersionDate "2007.11.25"]
[SourceQuality "1"]

1. e4 e6 2. d4 d5 3. Nc3 Bb4 4. a3 Bxc3+ 5. bxc3 dxe4 6. Qg4 Nf6 7. Qxg7 Rg8 8. Qh6 Rg6 9. Qd2 c5 10. dxc5 Qa5 11. a4 Nc6 12. Ne2 e5 13. c4 Be6 14. Ng3 h5 15. h4 Qxc5 16. Ba3 Qd4 17. c3 Qxd2+ 18. Kxd2 0-0-0+ 19. Ke1 e3 20. Bc5 exf2+ 21. Bxf2 e4 22. Ne2 Bg4 23. Nd4 Ne5 24. Kd2 Be6 25. c5 Bc4 26. Ke1 Nd3+ 27. Bxd3 exd3 28. Nf3 Ne4 29. Bd4 Rxg2 30. Rh2 d2+ 0-1

[Event "Erkel Memorial op"]
[Site "Gyula"]
[Date "2001.11.02"]
[Round "4"]
[White "Nagy, Helga"]
[Black "Csala, Imre"]
[Result "0-1"]
[WhiteElo "2073"]
[BlackElo "2226"]
[PlyCount "108"]
[EventDate "2001.10.30"]
[EventType "swiss"]
[EventRounds "9"]
[EventCountry "HUN"]
[SourceTitle "EXT 2008"]
[Source "ChessBase"]
[SourceDate "2007.11.25"]
[SourceVersion "1"]
[SourceVersionDate "2007.11.25"]
[SourceQuality "1"]

1. e4 d6 2. d4 Nf6 3. Nc3 g6 4. Be2 Bg7 5. Be3 0-0 6. g4 e5 7. d5 c5 8. g5 Ne8 9. h4 f5 10. Nf3 Nc7 11. h5 Bd7 12. hxg6 hxg6 13. Nh4 Be8 14. Bxc5 Nba6 15. Ba3 b5 16. exf5 gxf5 17. Nxb5 Nxb5 18. Bxb5 Bxb5 19. Qh5 Be8 20. Ng6 Bxg6 21. Qxg6 Qa5+ 22. Kf1 Qxd5 23. Rh6 Rfd8 24. Qh7+ Kf8 25. Qxf5+ Qf7 26. Bxd6+ Rxd6 27. Qxf7+ Kxf7 28. Rxd6 Nc5 29. f3 e4 30. Re1 exf3 31. g6+ Kg8 32. Rd5 Na4 33. b3 Nc3 34. Rd7 Ne2 35. Red1 Rf8 36. c4 a5 37. c5 Bf6 38. Rh7 Bd4 39. Rxd4 Nxd4 40. Kf2 Re8 41. Rd7 Re2+ 42. Kg3 Rg2+ 43. Kh3 Ne2 44. Rd1 Nf4+ 45. Kh4 Nxg6+ 46. Kh3 Ne5 47. Rc1 Rg6 48. a3 Nd3 49. Rf1 f2 50. Kh2 Rg4 51. c6 Rg6 52. b4 Rxc6 53. b5 Rg6 54. a4 Kf7 0-1

[Event "Harkany Tenkes Cup"]
[Site "Harkany"]
[Date "2000.11.22"]
[Round "7"]
[White "Papp, Gabor"]
[Black "Nagy, Helga"]
[Result "1-0"]
[WhiteElo "2254"]
[BlackElo "2093"]
[PlyCount "89"]
[EventDate "2000.11.16"]
[EventType "swiss"]
[EventRounds "9"]
[EventCountry "HUN"]
[SourceTitle "CBM 079 Extra"]
[Source "ChessBase"]
[SourceDate "2001.01.11"]
[SourceVersion "2"]
[SourceVersionDate "2001.01.25"]
[SourceQuality "1"]

1. e4 e5 2. Nf3 Nc6 3. Bb5 Bc5 4. 0-0 Nge7 5. c3 Bb6 6. d4 exd4 7. cxd4 a6 8. Ba4 0-0 9. d5 Nb8 10. d6 cxd6 11. Nc3 Bc5 12. Bf4 b5 13. Bb3 b4 14. Na4 Nbc6 15. Bxd6 Bxd6 16. Qxd6 Ng6 17. Rad1 Nh4 18. Nxh4 Qxh4 19. Bd5 a5 20. Nb6 Ra7 21. e5 Qd8 22. Qc5 Qc7 23. f4 Ra6 24. Nxc8 Qxc8 25. Bc4 Ra8 26. b3 Qc7 27. Rd6 Qa7 28. Qxa7 Rxa7 29. Rfd1 Nb8 30. Kf2 Rc8 31. Ke3 Kf8 32. f5 Rc6 33. Ke4 Ke8 34. h4 Rac7 35. R1d4 Rxd6 36. Rxd6 Nc6 37. h5 h6 38. g4 Ke7 39. Kd5 Ke8 40. f6 Kf8 41. Ke4 Nb8 42. fxg7+ Kxg7 43. Rf6 Nc6 44. Rxf7+ Kh8 45. e6 1-0

[Event "Miskolc Avas op-A"]
[Site "Miskolc"]
[Date "2000.06.23"]
[Round "6.10"]
[White "Acs, Gabor"]
[Black "Nagy, Helga"]
[Result "1-0"]
[WhiteElo "2191"]
[BlackElo "2096"]
[PlyCount "67"]
[EventDate "2000.06.25"]
[EventType "swiss"]
[EventRounds "9"]
[EventCountry "HUN"]
[SourceTitle "EXT 2004"]
[Source "ChessBase"]
[SourceDate "2003.11.25"]
[SourceVersion "1"]
[SourceVersionDate "2003.11.25"]
[SourceQuality "1"]

1. e4 e5 2. Nc3 Bc5 3. Bc4 d6 4. d3 c6 5. Nf3 h6 6. Na4 Bb4+ 7. c3 Ba5 8. b4 Bc7 9. Nb2 Nf6 10. a4 0-0 11. 0-0 Bg4 12. h3 Bh5 13. g4 Nxg4 14. hxg4 Bxg4 15. d4 d5 16. Be2 dxe4 17. Nxe5 Bh3 18. Re1 Qh4 19. Bf1 Nd7 20. Bxh3 Nxe5 21. dxe5 Qxh3 22. Rxe4 Qxc3 23. Qe1 Qh3 24. Nc4 f5 25. Ra3 Qh5 26. Qe2 Qg6+ 27. Rg3 Qe6 28. Rh4 f4 29. Bxf4 Rf6 30. Rxg7+ Kf8 31. Rxc7 Rg6+ 32. Bg3 b5 33. axb5 Rb8 34. Rxc6 1-0

[Event "Harkany Tenkes Cup"]
[Site "Harkany"]
[Date "1999.11.30"]
[Round "9"]
[White "Nagy, Helga"]
[Black "Dlauchy, Peter"]
[Result "1-0"]
[WhiteElo "2123"]
[BlackElo "2036"]
[PlyCount "105"]
[EventDate "1999.11.??"]
[EventType "swiss"]
[EventRounds "9"]
[EventCountry "HUN"]
[SourceTitle "EXT 2004"]
[Source "ChessBase"]
[SourceDate "2003.11.25"]
[SourceVersion "1"]
[SourceVersionDate "2003.11.25"]
[SourceQuality "1"]

1. e4 e6 2. d4 d5 3. Nc3 Bb4 4. Qg4 Nf6 5. Qxg7 Rg8 6. Qh6 Rg6 7. Qe3 Nxe4 8. Nge2 Bd7 9. a3 Bxc3+ 10. Nxc3 Bc6 11. g3 Nd7 12. Bd3 f5 13. Ne2 Qe7 14. f3 Nd6 15. Nf4 Rf6 16. b3 0-0-0 17. Bb2 Re8 18. 0-0-0 Nb6 19. Rhe1 Qf7 20. Re2 Bd7 21. Rde1 Kb8 22. Kb1 a6 23. Qd2 Ka8 24. Qa5 Kb8 25. Ka1 Bc6 26. Rc1 Qd7 27. Re3 Rf7 28. Rce1 Rf6 29. R1e2 Qf7 30. Qb4 Qd7 31. Qe1 Qf7 32. Nxe6 Qg8 33. a4 Rh6 34. Ba3 Nbc8 35. Bc1 Nb6 36. Re5 Rg6 37. Nf4 Rg7 38. Bxf5 Rxe5 39. Rxe5 Nxf5 40. Rxf5 Ka7 41. Re5 Qf7 42. Ba3 Qd7 43. Bc5 Bxa4 44. Rxd5 Qc6 45. bxa4 Qxa4+ 46. Kb2 Qb5+ 47. Kc1 Rg8 48. Bxb6+ Qxb6 49. Qa5 Qh6 50. Qxc7 Qxh2 51. Rd7 Rb8 52. Qc5+ Ka8 53. Nd5 1-0

[Event "Harkany Tenkes Cup"]
[Site "Harkany"]
[Date "1999.11.27"]
[Round "6"]
[White "Feher, Gyula"]
[Black "Nagy, Helga"]
[Result "1-0"]
[WhiteElo "2394"]
[BlackElo "2123"]
[PlyCount "61"]
[EventDate "1999.11.??"]
[EventType "swiss"]
[EventRounds "9"]
[EventCountry "HUN"]
[SourceTitle "EXT 2004"]
[Source "ChessBase"]
[SourceDate "2003.11.25"]
[SourceVersion "1"]
[SourceVersionDate "2003.11.25"]
[SourceQuality "1"]

1. d4 d5 2. c4 c6 3. Nf3 e6 4. Nc3 Nf6 5. Bg5 Be7 6. e3 0-0 7. Rc1 Re8 8. Bd3 Nbd7 9. 0-0 Nf8 10. Qc2 N6d7 11. Bf4 Nf6 12. h3 h6 13. a3 Bd6 14. Bxd6 Qxd6 15. c5 Qc7 16. Ne5 N6d7 17. Nxd7 Nxd7 18. e4 dxe4 19. Nxe4 Rd8 20. Rfe1 Nf8 21. Nd6 Nd7 22. Re3 Nf6 23. Rf3 Rf8 24. Qd2 Qd7 25. Re1 Ne8 26. Nc4 Nf6 27. Rxf6 gxf6 28. Qxh6 f5 29. Re3 f6 30. Rg3+ Kf7 31. Nd6+ 1-0

[Event "Harkany Tenkes Cup"]
[Site "Harkany"]
[Date "1999.11.26"]
[Round "5"]
[White "Nagy, Helga"]
[Black "Schuetz, Peter"]
[Result "1-0"]
[WhiteElo "2123"]
[BlackElo "2042"]
[PlyCount "53"]
[EventDate "1999.11.??"]
[EventType "swiss"]
[EventRounds "9"]
[EventCountry "HUN"]
[SourceTitle "EXT 2004"]
[Source "ChessBase"]
[SourceDate "2003.11.25"]
[SourceVersion "1"]
[SourceVersionDate "2003.11.25"]
[SourceQuality "1"]

1. e4 e5 2. Nf3 Nc6 3. Bc4 Be7 4. 0-0 Nf6 5. Re1 0-0 6. c3 d6 7. h3 Nd7 8. d4 Bf6 9. d5 Ne7 10. Be3 a5 11. Nbd2 Ng6 12. Nf1 Nf4 13. Ng3 Re8 14. Ne2 g5 15. Kh2 Nc5 16. Bxc5 dxc5 17. Nxf4 exf4 18. e5 Bg7 19. e6 fxe6 20. dxe6 Qe7 21. Qd5 h6 22. Rad1 c6 23. Qe4 Kf8 24. Qf5+ Bf6 25. Ne5 Kg7 26. Qg6+ Kf8 27. Nd7+ 1-0